| Tag |
First Indicator |
Second Indicator |
Subfields |
| LEADER |
00000cam a2200000 a 4500 |
| 001 |
in00000085915 |
| 005 |
20151008064344.0 |
| 008 |
811016s1981 enkbf b 00110 eng |
| 010 |
|
|
|a 81150129
|
| 015 |
|
|
|a GB81-09470
|
| 020 |
|
|
|a 0582643791 :
|c 11.50
|
| 020 |
|
|
|a 0582643775 (pbk.)
|
| 035 |
|
|
|a (OCoLC)07946867
|
| 035 |
|
|
|9 AAK4023AM
|
| 039 |
0 |
|
|a 2
|b 3
|c 3
|d 3
|e 3
|
| 040 |
|
|
|a DLC
|c DLC
|d TXA
|d UtOrBLW
|
| 043 |
|
|
|a f------
|a e-po---
|
| 049 |
|
|
|a TXAM
|c [952004]
|
| 050 |
0 |
0 |
|a DT36.5
|b .N48
|
| 082 |
0 |
|
|a 325/.3469/096
|2 19
|
| 100 |
1 |
|
|a Newitt, M. D. D.
|
| 245 |
1 |
0 |
|a Portugal in Africa :
|b the last hundred years /
|c by Malyn Newitt.
|
| 264 |
|
1 |
|a Harlow, Essex :
|b Longman,
|c 1981.
|
| 300 |
|
|
|a viii, 278 pages, 2 unnumbered p.of plates :
|b maps ;
|c 22 cm.
|
| 336 |
|
|
|a text
|b txt
|2 rdacontent
|
| 337 |
|
|
|a unmediated
|b n
|2 rdamedia
|
| 338 |
|
|
|a volume
|b nc
|2 rdacarrier
|
| 500 |
|
|
|a Includes index.
|
| 504 |
|
|
|a Bibliography: pages 254-263.
|
| 651 |
|
0 |
|a Portugal
|x Colonies
|z Africa
|x History
|y 19th century.
|
| 651 |
|
0 |
|a Portugal
|x Colonies
|z Africa
|x History
|y 20th century.
|
| 999 |
|
|
|a MARS
|
| 999 |
f |
f |
|s 4ddfc989-301d-3cbc-96cf-bdd59a557c1c
|i 6a85dc6c-1672-316a-94d0-eb30821557e7
|t 0
|
| 952 |
f |
f |
|p normal
|a Texas A&M University
|b College Station
|c Sterling C. Evans Library
|d Evans: Library Stacks
|t 0
|e DT36.5 .N48
|h Library of Congress classification
|i unmediated -- volume
|m A14806102946
|
| 998 |
f |
f |
|a DT36.5 .N48
|t 0
|l Evans: Library Stacks
|